| 000 | 01611nam a2200289Ia 4500 | ||
|---|---|---|---|
| 999 |
_c55670 _d55670 |
||
| 001 | 22765 | ||
| 003 | GE_BSU | ||
| 005 | 20230518125448.0 | ||
| 008 | 181216s ||||ge |||||||||||||| ||geo|| | ||
| 020 | _a9789941260537 | ||
| 040 | _cGE_BSU | ||
| 041 | _ageo | ||
| 080 | _a821.112.2-1 ლ-34 | ||
| 100 |
_aლედებური, ბენედიქტ _918003 |
||
| 245 |
_aქარის წისქვილი : _b სონეტების გვირგვინი თამუნა სირბილაძისთვის / _cბენედიქტ ლედებური ; გერმანულიდან თარგმნა ლულუ დადიანმა. |
||
| 250 | _aI გამოცემა | ||
| 264 |
_aთბილისი : _bუნივერსალი, _c2017. |
||
| 300 |
_a34 გვ. : _b[6] ჩართ. ფ. ილ. ; _c19 სმ. |
||
| 490 | _aსონეტები გერმ. და ქართ. ენებზე | ||
| 500 | _aწიგნი ილუსტრირებულია თამუნა სირბილაძე-ვესტის (1971-2016) ნამუშევრებით | ||
| 500 | _a სონეტები გერმანულ და ქართულ ენებზე | ||
| 541 | _h3 ლ. | ||
| 653 | _aქარის წისქვილი | ||
| 653 | _aსონეტების გვირგვინი თამუნა სირბილაძისთვის | ||
| 700 |
_aდადიანი, ლულუ _eმთარმნელი _918122 |
||
| 942 |
_cBK _2udc |
||